| 000 | 00959nam a2200241 a 4500 | ||
|---|---|---|---|
| 005 | 20260415145526.0 | ||
| 007 | cr |||aaaaaaa| | ||
| 008 | 260415s2022 ck|a||||o ||| 000 0 spa d | ||
| 020 | _a9786287518650 | ||
| 040 |
_aMX-MxUPN _bspa _eaacr2 |
||
| 041 | 0 | _aspa | |
| 100 | 1 |
_aTorres Rincón, Sonia Mireya _959263 |
|
| 100 | 1 |
_aOrtiz Rojas, Karol Dayana _959264 |
|
| 100 | 1 |
_aGiraldo, Yonatan _959265 |
|
| 245 | 1 | 0 |
_aCuadernos de trabajo comunitario 2 : _btejer conocimiento sobre la perspectiva de género y la prevención de violencias en entornos comunitarios y educativos _h[recurso electrónico en línea] |
| 260 |
_aBogotá, Colombia : _bUniversidad Pedagógica Nacional, _c2022 |
||
| 300 |
_a1 recurso en línea (57 páginas) : _bilustraciones, PDF |
||
| 490 | 0 |
_aCuadernos de Trabajo Comunitario ; _v2 |
|
| 506 | 0 | _aAcceso abierto | |
| 856 | 4 | 0 | _uhttp://hdl.handle.net/20.500.12209/18432 |
| 902 | _aJohanaAllegre/150426 | ||
| 942 |
_2lcc _cLIBRO-E |
||
| 999 |
_c214960 _d214960 |
||